UBT Library

Mosby s Dictionary of Medicine, Nursing & Health Professions (Record no. 56414)

000 -LEADER
fixed length control field 00363nam a22001457a 4500
008 - FIXED-LENGTH DATA ELEMENTS--GENERAL INFORMATION
fixed length control field 210311b ||||| |||| 00| 0 eng d
020 ## - INTERNATIONAL STANDARD BOOK NUMBER
International Standard Book Number 9780323074032
041 ## - LANGUAGE CODE
Language code of text/sound track or separate title eng
080 ## - UNIVERSAL DECIMAL CLASSIFICATION NUMBER
Edition identifier 9th
Universal Decimal Classification number 610.73
082 ## - DEWEY DECIMAL CLASSIFICATION NUMBER
Classification number 610.73
100 ## - Rafti
Rafti 1
101 ## - Shkurtesa
Shkurtesa INF
245 ## - TITLE STATEMENT
Title Mosby s Dictionary of Medicine, Nursing & Health Professions
Statement of responsibility, etc O'Toole, M. T
942 ## - ADDED ENTRY ELEMENTS (KOHA)
Source of classification or shelving scheme
Item type Books
Holdings
Withdrawn status Lost status Source of classification or shelving scheme Damaged status Not for loan Collection code Permanent location Current location Shelving location Date acquired Total Checkouts Full call number Barcode Date last seen Price effective from Koha item type
          Koleksioni i përgjithshem UBT - Lipjan UBT - Lipjan Koleksioni i përgjithshem 03/11/2021   610.73 O'TO 002-7002171 03/11/2021 03/11/2021 Books
          Koleksioni i përgjithshem UBT - Lipjan UBT - Lipjan   12/01/2022   610.73MAR 002-800028700260921 12/01/2022 12/01/2022 Books
          Koleksioni i përgjithshem UBT - Lipjan UBT - Lipjan   12/01/2022   610.73MAR 002-800028700260922 12/01/2022 12/01/2022 Books
UBT Library © 2015-2024. All rights reserved University Education for Business and Technology